[Event "Olympiad-45"]
[Site "Budapest"]
[Date "2024.09.22"]
[Round "11.2"]
[White "Salvadora, Angelo"]
[Black "El, Rozak"]
[Result "0-1"]
[WhiteElo "1812"]
[BlackElo "1514"]
[PlyCount "100"]
[EventDate "2024.09.11"]
[EventType "team-swiss"]
[EventRounds "11"]
[EventCountry "HUN"]
[SourceTitle "EXT 2025"]
[Source "ChessBase"]
[SourceDate "2024.10.14"]
[SourceVersion "1"]
[SourceVersionDate "2024.10.14"]
[SourceQuality "1"]
[WhiteTeam "Palau"]
[BlackTeam "Cambodia"]
[WhiteTeamCountry "PAL"]
[BlackTeamCountry "CMB"]

1. e4 c5 2. Nf3 Nc6 3. Bc4 e6 4. 0-0 d5 5. exd5 exd5 6. Bb5 Nf6 7. Re1+ Be7 8. Qe2 h6 9. Ne5 Bd7 10. Nxd7 Nxd7 11. Nc3 Nd4 12. Bxd7+ Qxd7 13. Qd1 0-0 14. Re5 Rad8 15. Rxd5 Qe6 16. Rh5 Nxc2 17. Rb1 Qg6 18. d3 Nb4 19. Rh3 Rxd3 20. Rxd3 Nxd3 21. Be3 Rd8 22. Qe2 a6 23. Bxh6 Bf6 24. Be3 b5 25. Rd1 c4 26. Rd2 Re8 27. h3 Bd4 28. Qf3 Bxe3 29. fxe3 Qg5 30. Nd1 Re6 31. Qa8+ Kh7 32. Qf3 Rf6 33. Qe2 Nc1 34. Qe1 Nxa2 35. Nf2 Qg6 36. Ng4 Rf5 37. e4 Rh5 38. e5 b4 39. Rd6 Qc2 40. e6 fxe6 41. Rxe6 Qc1 42. Qxc1 Nxc1 43. Rxa6 Nd3 44. Rb6 Ra5 45. Ne3 Ra1+ 46. Kh2 Rc1 47. Kg3 b3 48. Kf3 Nxb2 49. Nxc4 Nxc4 50. Rxb3 Nd2+ 0-1

[Event "Olympiad-45"]
[Site "Budapest"]
[Date "2024.09.16"]
[Round "6.90"]
[White "El, Rozak"]
[Black "Mimbasa Kutesa, Willy"]
[Result "1-0"]
[WhiteElo "1514"]
[BlackElo "1848"]
[PlyCount "139"]
[EventDate "2024.09.11"]
[EventType "team-swiss"]
[EventRounds "11"]
[EventCountry "HUN"]
[SourceTitle "EXT 2025"]
[Source "ChessBase"]
[SourceDate "2024.10.14"]
[SourceVersion "1"]
[SourceVersionDate "2024.10.14"]
[SourceQuality "1"]
[WhiteTeam "Cambodia"]
[BlackTeam "Congo"]
[WhiteTeamCountry "CMB"]
[BlackTeamCountry "CON"]

1. d4 d5 2. Nf3 Nc6 3. Bf4 Nf6 4. a3 h6 5. Nbd2 Nh5 6. Bg3 Nxg3 7. hxg3 a6 8. e3 Bg4 9. Be2 e6 10. c4 Qd7 11. Rc1 f6 12. Qc2 Bf5 13. Bd3 Bxd3 14. Qxd3 0-0-0 15. b4 e5 16. dxe5 fxe5 17. cxd5 Qxd5 18. Qxd5 Rxd5 19. Ke2 Be7 20. Rc2 g5 21. Ne4 g4 22. Nfd2 a5 23. Nc3 Rd7 24. b5 Nd8 25. Nc4 Nf7 26. Ne4 Kb8 27. a4 b6 28. Rh5 Rd5 29. f4 gxf3+ 30. gxf3 Rhd8 31. Rf5 Ng5 32. Nxg5 hxg5 33. Rxe5 R5d7 34. g4 Rh8 35. Kf1 Bf6 36. Re6 Rd1+ 37. Ke2 Rd5 38. Nd2 Rh2+ 39. Kd1 Bc3 40. Rxc3 Rdxd2+ 41. Kc1 Rdf2 42. Kb1 Rxf3 43. Rc2 Rh7 44. Kb2 Rg3 45. Rc4 Rd7 46. Kc3 Rg1 47. Ree4 Rdd1 48. Red4 Ra1 49. Kd3 Ra3+ 50. Ke2 Rg3 51. Re4 Rg2+ 52. Kf3 Raa2 53. Re8+ Kb7 54. e4 Rgf2+ 55. Ke3 Rf4 56. Re7 Ra3+ 57. Kd4 Kb8 58. Ke5 Rxg4 59. Rexc7 Rxe4+ 60. Kxe4 Rxa4 61. Kf5 Rxc4 62. Rxc4 a4 63. Rxa4 Kc7 64. Rd4 g4 65. Kxg4 Kb7 66. Kf5 Kb8 67. Rc4 Kb7 68. Ke6 Kb8 69. Kd7 Ka7 70. Kc8 1-0